Ateliér fotografie a jeho "Prvý polčas"

Bibliographic Details
Format: Article
Language:Slovak
PhysicalDescription:Fotogr.
ISSN:1335-0773
Subjects:

MARC

LEADER 00000nab a2200000 a 4500
001 vtls008985300
003 SK-MaSNL
005 20260426083817.0
008 250505c2007 xo mr|p|||||||000 b|slo
015 |a SNBRB2007/05  |2 snkbucl 
035 |a (sysno)vtls008985300 
035 |a urn:nbn:sk:snk-ab7bzc 
035 |a (uuid)0a239d11-755a-4092-bfd1-c6cedd6f8777 
035 |a (urnnbn)urn:nbn:sk:snk:ar-a07i70 
038 |a SNKBUCL 
040 |a SNKBUCL  |b slo  |c SNKBUCL  |e AACR2 
041 0 |a slo 
044 |a xo  |c SK 
080 |a 77.04:061.4  |2 2001 
080 |a 378.096:77  |x (437.6)  |2 2001 
245 0 0 |a Ateliér fotografie a jeho "Prvý polčas" 
300 |b Fotogr. 
610 2 7 |a Vysoká škola výtvarných umení v Bratislave.  |b Katedra fotografie a nových médií.  |b Ateliér Laboratórium fotografie  |2 snkbucl  |9 219587 
648 7 |a 2007  |2 snkbucl  |9 313226 
651 7 |a Bratislava (Slovensko)  |2 snkbucl  |9 14568 
773 0 |t Fototip  |g Roč. XIV, č. 4 (2007), s. 6-7  |x 1335-0773 
850 |a Slovenská národná knižnica 
852 |a Slovenská národná knižnica 
954 |a odborná, vedecká literatúra pôvodná (slovenská)  |2 lita 
958 |a article27 
958 |a SK 
958 |a OND 
958 |a EUIPO 
999 |c 2915339  |d 2917269